[Event "Zehlendorf op"]
[Site "Berlin"]
[Date "2012.05.24"]
[Round "2"]
[White "Budt, Matthias"]
[Black "Heerd, Thomas"]
[Result "1-0"]
[WhiteElo "2213"]
[BlackElo "2043"]
[PlyCount "53"]
[EventDate "2012.05.10"]
[EventType "swiss"]
[EventRounds "7"]
[EventCountry "GER"]
[SourceTitle "EXT 2022"]
[Source "ChessBase"]
[SourceDate "2021.10.06"]
[SourceVersion "1"]
[SourceVersionDate "2021.10.06"]
[SourceQuality "1"]

1. d4 Nf6 2. c4 g6 3. Nf3 Bg7 4. g3 0-0 5. Bg2 d6 6. 0-0 Nc6 7. Nc3 a6 8. b3 e5 9. dxe5 dxe5 10. Ba3 Re8 11. Ng5 Bd7 12. Qd2 Qc8 13. Rad1 h6 14. Nge4 Nxe4 15. Bxe4 Bg4 16. Bxc6 bxc6 17. f3 Bh3 18. Rfe1 Qf5 19. Ne4 Qh5 20. Qa5 f5 21. Nf2 e4 22. f4 g5 23. Rd7 Bg4 24. Qxc7 Qg6 25. Rd6 Qh5 26. Nxg4 Qxg4 27. Rg6 1-0

[Event "GER-ch internet U25 qual 03"]
[Site "Playchess.com INT"]
[Date "2007.06.10"]
[Round "6"]
[White "Heerd, Thomas"]
[Black "Armbrust, Florian"]
[Result "1-0"]
[WhiteElo "2042"]
[BlackElo "2249"]
[PlyCount "135"]
[EventDate "2007.06.10"]
[EventType "swiss (blitz)"]
[EventRounds "7"]
[EventCountry "GER"]
[SourceTitle "EXT 2009"]
[Source "ChessBase"]
[SourceDate "2008.11.26"]
[SourceVersion "1"]
[SourceVersionDate "2008.11.26"]
[SourceQuality "1"]

1. Nf3 Nf6 2. g3 g6 3. Bg2 Bg7 4. 0-0 0-0 5. d3 d6 6. Nbd2 Nbd7 7. e4 e5 8. a4 a5 9. Nc4 Nc5 10. Nh4 Be6 11. Ne3 Qd7 12. f4 exf4 13. gxf4 Bh3 14. Qf3 Bxg2 15. Nhxg2 Ne6 16. c3 Nc5 17. Qd1 Qe6 18. f5 Qb3 19. Ra3 Qxd1 20. Rxd1 Nfd7 21. Nc4 Ne5 22. Nxe5 dxe5 23. Be3 Nd7 24. Rf1 Rfd8 25. Bg5 f6 26. Be3 Bf8 27. Raa1 Nc5 28. fxg6 Rxd3 29. gxh7+ Kxh7 30. Rxf6 Nxe4 31. Re6 Rad8 32. Rf1 Rxe3 33. Rxf8 Rxf8 34. Nxe3 Rg8+ 35. Kf1 Rg5 36. Re7+ Rg7 37. Rxe5 Nd2+ 38. Ke2 Nb3 39. Rb5 Nc1+ 40. Kd2 Re7 41. Rxb7 Na2 42. Nf5 Rd7+ 43. Kc2 Rd5 44. Nd4 Rc5 45. Kd2 Rc4 46. Rb5 Rxa4 47. Rc5 Kg6 48. Rxc7 Kf6 49. Kc2 Nb4+ 50. cxb4 Rxb4 51. Ne2 Rh4 52. Rc6+ Ke7 53. Kb3 Rxh2 54. Nc3 Rh5 55. Rb6 Kd7 56. Rb5 Rh3 57. Rxa5 Kc7 58. Kc4 Kb7 59. b4 Rh4+ 60. Kc5 Rh5+ 61. Nd5 Kb8 62. Ra6 Rh1 63. Rg6 Rc1+ 64. Kb6 Rc8 65. Rg7 Rd8 66. Ne7 Rd6+ 67. Nc6+ Kc8 68. Rc7# 1-0

[Event "GER-ch internet U25 qual 02"]
[Site "Playchess.com INT"]
[Date "2007.05.23"]
[Round "3"]
[White "Heerd, Thomas"]
[Black "Koepke, Elena"]
[Result "0-1"]
[WhiteElo "2042"]
[BlackElo "2327"]
[PlyCount "86"]
[EventDate "2007.05.23"]
[EventType "swiss (blitz)"]
[EventRounds "7"]
[EventCountry "GER"]
[SourceTitle "EXT 2009"]
[Source "ChessBase"]
[SourceDate "2008.11.26"]
[SourceVersion "1"]
[SourceVersionDate "2008.11.26"]
[SourceQuality "1"]

1. e4 e5 2. d4 exd4 3. Qxd4 Nc6 4. Qa4 Nf6 5. Nc3 Bb4 6. Bd2 0-0 7. f3 d5 8. 0-0-0 dxe4 9. Nxe4 Bxd2+ 10. Rxd2 Qe7 11. Nxf6+ Qxf6 12. Bb5 a6 13. Bxc6 bxc6 14. Ne2 Rb8 15. Nc3 c5 16. Qc4 Be6 17. Qxc5 Rb6 18. Rhd1 h6 19. Qxc7 Rbb8 20. f4 Bxa2 21. Qd6 Be6 22. Qe5 Qe7 23. Rd7 Qb4 24. Nd5 Qa4 25. b3 Qa3+ 26. Qb2 Qxb2+ 27. Kxb2 Bxd7 28. Ne7+ Kh8 29. Rxd7 Rbd8 30. Ra7 Rd2 31. g3 Rxh2 32. Rxa6 Rg2 33. Nf5 Rc8 34. Ne3 Rxg3 35. Nd5 Rg2 36. Nb4 h5 37. Ra5 g6 38. f5 h4 39. f6 h3 40. Ra1 h2 41. Rh1 Re8 42. Nd3 Ree2 43. Ne1 Rg1 0-1